| 000 | 00806nam a2200265Ia 4500 | ||
|---|---|---|---|
| 003 | OSt | ||
| 005 | 20241014142730.0 | ||
| 008 | 210716s2010 xx 000 0 und d | ||
| 020 | _a9788131728963 | ||
| 040 | _cAIMIT LIBRARY | ||
| 041 | _aeng | ||
| 082 |
_a005.1332 _23 _bHEJA |
||
| 100 |
_aHejlsberg, Anders. _9182278 |
||
| 245 |
_aC# programming language / _cBy Anders Hejlsberg...[et.al]. |
||
| 250 | _a3rd ed. | ||
| 260 |
_aNew Delhi : _bPearson Education ; _c2010. |
||
| 300 |
_axviii,754p. ; _bPB _c24 cm. |
||
| 650 |
_aImplicit conversions _9182279 |
||
| 650 |
_aExpressions _9182280 |
||
| 650 |
_aDocumentation comments _9182281 |
||
| 700 |
_aTorgersen, Mads. _9182282 |
||
| 700 |
_aWiltamuth, Scott. _9182283 |
||
| 700 |
_aGolde, Peter. _9182284 |
||
| 942 |
_2ddc _cBK _e3rd ed. _k005.1332 HEJA |
||
| 999 |
_c190327 _d190327 |
||